000 00929nam a2200277Ia 4500
003 OSt
005 20221005081909.0
006 a|||||r|||| 00| 0
007 ta
008 221004b |||||||| |||| 00| 0 eng d
020 _a0761932534
_c650
024 _a83306
037 _b10743, 30/03/2005, Govinda Book House
_cTextual
040 _aCRL
_cCRL
_beng
041 _2eng
_aeng
082 _aY5:3(X:77).4, P4
245 0 _aGlobalization and indigenous peoples in Asia
_b Changing the local global interface edited by Dev Nathan, Govind Kelkar and Pierre Walter
260 _aNew Delhi
_bSage Publications India
_c2004
300 _a339p.
_ccm.
650 _a ASIA - ECONOMIC CONDITIONS
_9611389
650 _a GLOBALIZATION
650 _a SOCIOLOGY
650 _aSOCIOLOGY - ASIA
_9190298
942 _hY5:3(X:77).4, P4
_cTEXL
_2cc
999 _c988439
_d988439